La literatura española

保存先:
書誌詳細
第一著者: Camp, Jean
フォーマット: 図書
言語:Undetermined
出版事項: México, Distrito Federal Diana 1969
版:2
主題:
タグ: タグ追加
タグなし, このレコードへの初めてのタグを付けませんか!

MARC

LEADER 00000nam a2200000Ia 4500
008 170316s9999 xx 000 0 und d
999 |c 29022  |d 29022 
040 |a cru BVZT 
090 |a H-862 C-1L 
100 |a Camp, Jean 
245 |a La literatura española 
250 |a 2 
260 |a México, Distrito Federal 
260 |b Diana 
260 |c 1969 
300 |a 137 páginas 
650 |a LITERATURA ESPAÑOLA  |9 23 
650 |a HISTORIA  |9 90 
942 |c 15 D  |h H-862 C-1L  |2 z